Which industrial and social policies for 21st century Europe? redefining public intervention within the framework of the Lisbon strategy

Salvato in:
Dettagli Bibliografici
Altri autori: Defraigne, Jean-Christophe, de Moriamé, Virginie
Natura: Libro
Lingua:inglese
francese
Pubblicazione: Louvain-la-Neuve Bruylant-Academia s.a. [2007]
Serie:Études Européennes Louvain No. 2
Soggetti:
Tags: Aggiungi Tag
Nessun Tag, puoi essere il primo ad aggiungerne!!

MARC

LEADER 00000nam$a2200000$$$4500
001 0108947
005 20240318114750.6
020 |a 978-2-87209-924-5 
041 0 |a eng 
041 0 |a fre 
044 |a BE 
245 1 0 |a Which industrial and social policies for 21st century Europe?  |b redefining public intervention within the framework of the Lisbon strategy  |c Jean-Christophe Defraigne 
264 1 |a Louvain-la-Neuve  |b Bruylant-Academia s.a.  |c [2007] 
300 |a 232 s. 
490 1 |a Études Européennes Louvain  |v No. 2 
830 0 |a Études Européennes Louvain  |v No. 2 
610 2 0 |a politika priemyselná 
610 2 0 |a politika sociálna 
610 2 0 |a intervencie 
610 2 0 |a intervencionizmus štátny 
610 2 0 |a konkurencia 
610 2 0 |a firmy 
610 2 0 |a konkurencia medzinárodná 
610 2 0 |a stratégia hospodárska 
610 2 0 |a Európa 
700 1 |a Defraigne, Jean-Christophe 
700 1 |a de Moriamé, Virginie